Statistics for Teen Mom OG Cast

Click here to take the quiz!

General Stats

  • This quiz has been taken 88 times
  • The average score is 18 of 28

Answer Stats

DescriptionName% Correct
Mom A: Worked as a porn starFarrah
96%
Mom B: Placed daughter for adoptionCatelynn
89%
Mom C: Red hairMaci
88%
Mom B's husband (Husband B)Tyler
88%
Mom D: Recovered drug addictAmber
86%
Mom A's daughterSophia
86%
Mom D's daughterLeah
85%
Mom C's sonBentley
83%
Mom C's baby daddy (BDC)Ryan
83%
Mom D's baby daddy (DBD)Gary
81%
Daughter who was placed for adoptionCarly
79%
Mom A's deceased baby daddyDerek
76%
Mom B's second daughterNova
75%
Husband B's fatherButch
74%
Mom A's fatherMichael
68%
Mom A's motherDebra
64%
Mom A's most recent boyfriendSimon
64%
Mom C's fianceTaylor
63%
Daughter's adoptive motherTeresa
58%
Mom C's daughterJayde
56%
Mom D's fianceMatt
49%
Daughter's adoptive fatherBrandon
47%
BDC's motherJen
42%
DBD's second daughterEmilee
40%
DBD's wifeKristina
40%
BDC's fatherLarry
36%
Mom B's motherApril
32%
Husband B's motherKim
21%

Score Distribution

Percentile by Number Answered

Percent of People with Each Score

Your Score History

You have not taken this quiz